Metaheuristics for medicine and biology / (Record no. 103251)
[ view plain ]
| 000 -LEADER | |
|---|---|
| fixed length control field | 00468nam a22001695i 4500 |
| 001 - CONTROL NUMBER | |
| control field | 19485384 |
| 005 - DATE AND TIME OF LATEST TRANSACTION | |
| control field | 20180215112026.0 |
| 008 - FIXED-LENGTH DATA ELEMENTS--GENERAL INFORMATION | |
| fixed length control field | 170208s2017 nyu 000 0 eng |
| 020 ## - INTERNATIONAL STANDARD BOOK NUMBER | |
| International Standard Book Number | 9783662544266 |
| 040 ## - CATALOGING SOURCE | |
| Transcribing agency | PK-LaUMT |
| 082 ## - DEWEY DECIMAL CLASSIFICATION NUMBER | |
| Classification number | 610.28 |
| Item number | MET- |
| 245 00 - TITLE STATEMENT | |
| Title | Metaheuristics for medicine and biology / |
| Statement of responsibility, etc | edited by Amir Nakib and El-Ghazali Talbi |
| 260 ## - PUBLICATION, DISTRIBUTION, ETC. (IMPRINT) | |
| Place of publication, distribution, etc | Berlin : |
| Name of publisher, distributor, etc | Springer, |
| Date of publication, distribution, etc | 2017 |
| 300 ## - PHYSICAL DESCRIPTION | |
| Extent | 211 p. |
| 650 ## - SUBJECT ADDED ENTRY--TOPICAL TERM | |
| Topical term or geographic name as entry element | Biomedical engineering |
| 942 ## - ADDED ENTRY ELEMENTS (KOHA) | |
| Koha item type | Books |
| Withdrawn status | Lost status | Damaged status | Home library | Current library | Date acquired | Full call number | Barcode | Date last seen | Price effective from | Koha item type |
|---|---|---|---|---|---|---|---|---|---|---|
| UMT Health Sciences Campus | UMT Health Sciences Campus | 2018-02-15 | 610.28 MET- | 118341 | 2018-02-15 | 2018-02-15 | Books |
